000 00610nam a2200181 a 4500
001 000035459
005 20200930074346.0
008 111101s1999 sp a 000 0 spa d
020 _a8478809856
040 _aDO-SdBNP
_bspa
_cBNPHU
082 _axxx
_bB651l, 1999
100 1 _aBloch, Arthur,
_b1948-
_961313
245 1 3 _aLa ley del Murphy del 2000 :
_b¿Hay algo más que pueda ir mal en el siglo xxi? /
_cArthur Bloch ; traducción Ana Mendoza.
250 _a5a ed.
260 _aMadrid, España :
_bEdiciones Temas de hoy,
_c1999.
300 _a162 p. :
_bil. ;
_c21 cm.
700 1 _aMendoza, Ana
_etr.
_912829
999 _c34950
_d34950